Guess the Taylor Swift song with no hints 2 - Statistics

General Stats
  • This quiz has been taken 120 times
  • The average score is 169 of 262
Answer Stats
Answer % Correct
a
100%
I
100%
the
96%
it
94%
you
94%
And
91%
be
90%
to
90%
in
89%
me
88%
on
88%
we
88%
your
88%
like
85%
my
84%
My
84%
what
84%
What
84%
love
83%
of
81%
So
80%
don't
79%
that
78%
But
76%
At
75%
would
75%
see
72%
then
72%
as
71%
could
71%
up
71%
With
67%
from
66%
'Cause
65%
'Cause
65%
never
62%
can't
61%
out
61%
day
55%
into
55%
gold
54%
rush
54%
will
54%
feel
53%
had
53%
Eyes
51%
must
47%
beautiful?
46%
life
46%
place
46%
about
45%
folklore
45%
grow
45%
hair
45%
touch
45%
wants
45%
dominoes
44%
face
44%
falling
44%
red
44%
Walk
44%
call
43%
flush
43%
shit
43%
anyone
42%
mind
42%
pure
42%
wonders
42%
almost
40%
die
40%
door
40%
Everybody
40%
jump
40%
old
40%
won't
40%
dream
39%
inviting
39%
seen
39%
Ships
39%
sinking
39%
twinkling
39%
vision
39%
waters
39%
dinner
38%
Gleaming
38%
motion
38%
parties
38%
quick
38%
slow
38%
tea
38%
town
38%
turns
38%
anticipatin'
37%
double
37%
fades
37%
feels
37%
hanging
37%
past
37%
rose
37%
anymore
36%
'til
36%
blush
35%
brush
35%
contrarian
35%
crush
35%
Eagles
35%
gray
35%
T-shirt
35%
wooden
35%
bone
34%
dare
34%
flying
33%
coastal
31%
floors
31%
found
30%
across
28%
padding
28%
'round
26%
wandered
25%
No matching quizzes found
Score Distribution
Percent of People with Each Score
Percentile by Number Answered
Your Score History
You have not taken this quiz